[Event "IND-ch U17 Girls"]
[Site "Kolkata"]
[Date "2016.09.10"]
[Round "3"]
[White "Arpita, Mukherjee"]
[Black "Kavitha, PL."]
[Result "1-0"]
[WhiteElo "1952"]
[BlackElo "1579"]
[PlyCount "56"]
[EventDate "2016.09.09"]
[EventType "swiss"]
[EventRounds "11"]
[EventCountry "IND"]
[SourceTitle "CBM 174 Extra"]
[Source "ChessBase"]
[SourceDate "2016.10.10"]
[SourceVersion "1"]
[SourceVersionDate "2016.10.10"]
[SourceQuality "1"]

1. e4 c5 2. Nc3 d6 3. f4 Nc6 4. Nf3 g6 5. Bb5 Bd7 6. d3 Bg7 7. 0-0 a6 8. Bxc6 Bxc6 9. Qe1 Nf6 10. Qh4 h5 11. f5 gxf5 12. exf5 Qd7 13. Bg5 0-0-0 14. Ne4 Qxf5 15. Nd4 Qd5 16. Nxc6 Qxc6 17. Nxf6 exf6 18. Bxf6 Rdg8 19. Rf2 Rh6 20. Bxg7 Rxg7 21. Re1 Rhg6 22. Re4 Rg5 23. g3 d5 24. Re7 c4 25. d4 Qd6 26. Rexf7 Rg8 27. Qf4 Qxf4 28. R2xf4 Rf8 1-0